Countries Bordering Uganda on a Map - Statistics

General Stats
  • This quiz has been taken 216 times
  • The average score is 5 of 5
Answers on the Map
Answers color-coded by a green-red scale on the quiz's map according to % correct below.
 
Answer Stats
Countries % Correct
Rwanda
97%
D.R Congo
96%
Kenya
96%
Tanzania
96%
South Sudan
93%
No matching quizzes found
Score Distribution
Percent of People with Each Score
Percentile by Number Answered
Your Score History
You have not taken this quiz